<?xml version="1.0" encoding="UTF-8"?>
<record
    xmlns:xsi="http://www.w3.org/2001/XMLSchema-instance"
    xsi:schemaLocation="http://www.loc.gov/MARC21/slim http://www.loc.gov/standards/marcxml/schema/MARC21slim.xsd"
    xmlns="http://www.loc.gov/MARC21/slim">

  <leader>00421    a2200133   4500</leader>
  <controlfield tag="001">ART_10362</controlfield>
  <controlfield tag="005">20260410161731.0</controlfield>
  <controlfield tag="008">260409a                                 </controlfield>
  <datafield tag="245" ind1="1" ind2="0">
    <subfield code="a">Necesidad y posibilidad de privatizaci&#xF3;n de las empresas p&#xFA;blicas</subfield>
  </datafield>
  <datafield tag="100" ind1="1" ind2=" ">
    <subfield code="a">Balcells, Rafael</subfield>
  </datafield>
  <datafield tag="700" ind1="1" ind2=" ">
    <subfield code="a">Pi&#xF1;eiro, Mario L.</subfield>
  </datafield>
  <datafield tag="700" ind1="1" ind2=" ">
    <subfield code="a">Ugalde, Alberto</subfield>
  </datafield>
  <datafield tag="773" ind1="0" ind2=" ">
    <subfield code="t">Ejecutivos de finanzas</subfield>
    <subfield code="g">- A&#xF1;o 3, N&#xBA; 21 (sep. 1985)</subfield>
    <subfield code="w">REV2863</subfield>
  </datafield>
  <datafield tag="999" ind1=" " ind2=" ">
    <subfield code="c">17892</subfield>
    <subfield code="d">17892</subfield>
  </datafield>
</record>
